01253nam a2200289 a 45000010005000000030010000050050017000150080041000320200018000730400025000910800019001160900020001351110097001552450226002522600038004783000026005166500033005426500039005756500033006146500035006477000053006827100026007357100051007619420012008129520124008249990015009481420BR-CuiBMT20231210051112.0231207s2016 mgba 100 0 por d a9788568149140 aBR-CuiBMTcBR-CuiBMT a35.078.322007 a35.078.3bC749s1 aCongresso Internacional de Controle e Políticas Públicasn(1. :d2015 :cBelo Horizonte)10a[Anais do] I Congresso Internacional de controle de políticas públicas :b06 a 08 de outubro de 2015, Belo Horizonte, MG /c[realização] Instituto Rui Barbosa ; [autores Jorge Ulisses Jacoby Fernandes ... et al.]. aBelo Horizonte : bTCE-MG,c2016. a56 p. :bil. ;c24 cm aControle internovCongressos aPolíticas públicasvCongressos aControle externovCongressos aTribunal de contasvCongressos1 aFernandes, Jorge Ulisses Jacobyeet al.eautores2 aInstituto Rui Barbosa1 a Minas Gerais. bTribunal de Contas do Estado. 2udccLV 00102udc4070aBIBTCEMTbBIBTCEMTd2023-12-07l0o35.078.3 C749spBIBTCEMT23120305r2023-12-07tEx. 1w2023-12-07yLV c1420d1420